01147cam a2200289 a 45000010009000000050017000090080041000260200046000670400033001130820022001462450080001682500012002482600063002603000040003234900045003635040051004086500036004596500044004956500050005396510010005896530020005996550024006197000038006439420008006819990017006899520151007061797678020201128021239.0131219t2015 flua frb 001 0 eng d a9781482207323 (hardback : acidfree paper) aDLCbengcDLCdDLCdEG-ScBUE04a621.3981222bIND00aIndustrial communication technology handbook /cedited by Richard Zurawski. a2nd ed. aBoca Raton :bCRC Press / Taylor & Francis Group,cc.2015. a[Various pagings] :bill. ;c26 cm.0 aIndustrial information technology series aIncludes bibliographical references and index. 7aComputer networks.2BUEsh91660 7aData transmission systems.2BUEsh98864 0aWireless communication systems.2BUEsh912950 2BUEsh bENGGENcMay2015 vreading book9342321 aZurawski, Richardeeditor.937853 2ddc c19288d19260 00102ddc40708AlahramaMAINbMAINc0THd2015-05-05epurchaseg1247.00h329l0o621.3981 INDp000038151r2025-07-15 00:00:00v1558.75yREFERENCE